| 000 -ლიდერი |
| ფიქსირებული სიგრძის საკონტროლო ველი |
00826nam a2200217Ia 4500 |
| 001 - საკონტროლო ნომერი |
| საკონტროლო ველი |
5961 |
| 003 - საკონტროლო ნომრის იდენტიფიკატორი |
| საკონტროლო ველი |
GE_BSU |
| 005 - ბოლო ოპერაციის თარიღი და დრო |
| საკონტროლო ველი |
20190829131907.0 |
| 008 - ფიქსირებული სიგრძის მონაცემთა ელემენტები - ზოგადი ინფორმაცია |
| ფიქსირებული სიგრძის საკონტროლო ველი |
181216s1983||||ge |||||||||||||| ||geo|| |
| 040 ## - კატალოგიზაციის წყარო |
| Transcribing agency |
GE_BSU |
| 041 ## - ენის კოდი |
| Language code of text/sound track or separate title |
geo |
| 080 ## - უნივერსალური ათობითი კლასიფიკაციის ინდექსი |
| Universal Decimal Classification number |
821.353.1-32 ა-13 |
| 100 ## - მთავარი ჩანაწერი - პიროვნების სახელი |
| Personal name |
აბაშიძე, ნინო |
| 9 (RLIN) |
3439 |
| 245 ## - ცნობა სათაურის შესახებ |
| Title |
შეხვედრა თერგზე : |
| Remainder of title |
მოთხრობები / |
| Statement of responsibility, etc |
ნინო აბაშიძე ; რედ. ლ. ბეროშვილი. |
| 264 ## - წარმოების, გამოცემის, დისტრიბუციის და სხვა ცნობები |
| გამოცემის, წარმოების, დისტრიბუციის... ადგილი |
თბილისი : |
| გამოცემის, წარმოების, დისტრიბუციის... სახელწოდება |
ნაკადული ; |
| გამოცემის, წარმოების, დისტრიბუციის... თარიღი |
1983. |
| 300 ## - ფიზიკური აღწერა |
| Extent |
170 გვ. ; |
| Accompanying material |
20 სმ. |
| 653 ## - INDEX TERM--UNCONTROLLED |
| Uncontrolled term |
მოთხრობები |
| 653 ## - INDEX TERM--UNCONTROLLED |
| Uncontrolled term |
შეხვედრა თერგზე |
| 700 ## - ADDED ENTRY--PERSONAL NAME |
| Personal name |
ბეროშვილი, ლ. |
| Relator term |
რედაქტორი |
| 9 (RLIN) |
3822 |
| 942 ## - ADDED ENTRY ELEMENTS (KOHA) |
| Koha item type |
წიგნი |
| Source of classification or shelving scheme |
|